| 000 | 00592nam a2200241 a 4500 | ||
|---|---|---|---|
| 001 | nice12345678 | ||
| 003 | IN_TiNIC | ||
| 005 | 20260116013842.0 | ||
| 008 | 050524s1997 dela grp 000 0 eng | ||
| 020 |
_a8120728 _c300 |
||
| 082 | 0 | 0 |
_a297 _bKHA3 |
| 100 | _aKhan, Mohammad Ishaq | ||
| 245 | _aExperiencing Islam | ||
| 260 |
_aDelhi _bSterling Publishers _c1997 |
||
| 300 | _a182p | ||
| 500 | _aincludes index and biblioraphy | ||
| 505 | 2 | _aIndex | |
| 650 | _aIslam-Meccan Trade | ||
| 700 | 1 | _aKhan, Mohammad Ishaq | |
| 902 | _bSRS | ||
| 942 | _cBK | ||
| 999 |
_c12823 _d12823 |
||